| 000 | 00437nam a2200181Ia 4500 | ||
|---|---|---|---|
| 008 | 220531s9999 xx 000 0 und d | ||
| 041 | _aeng | ||
| 082 | _bHAR | ||
| 100 |
_aHart,g. _956927 |
||
| 245 | _aBusiness Benchmark -students With Cd | ||
| 250 | _a1 | ||
| 260 |
_aPune _bCambridge _c2007 |
||
| 300 | _a192 | ||
| 542 | _d12-07-2012 | ||
| 650 |
_aBusi. Communication _956928 |
||
| 906 | _d2012-2013 | ||
| 999 |
_c32776 _d32776 |
||